Score 0/9 Timer 03:00
2 Plays Today
% Correct
Lip Gallagher
98.6%
Frank Gallagher
98.3%
Fiona Gallagher
98%
Ian Gallagher
97.4%
Debbie Gallagher
96.6%
Carl Gallagher
96.3%
Liam Gallagher
95.9%
Veronica Fisher
92.7%
Kevin Ball
91.6%
Remove Ads.
Support Sporcle.
Get the best of Sporcle when you Go Orange. This ad-free experience offers more features, more stats, and more fun while also helping to support Sporcle. Thank you for becoming a member.

You're not logged in!

Compare scores with friends on all Sporcle quizzes.
OR
Log In

Show Comments

Extras

Top Quizzes Today


Score Distribution

Your Account Isn't Verified!

In order to create a playlist on Sporcle, you need to verify the email address you used during registration. Go to your Sporcle Settings to finish the process.

Report this User

Report this user for behavior that violates our Community Guidelines.

Details: